David Rattray's guidebook to the Anglo-Zulu War battlefields (Record no. 391390)

MARC details
000 -LEADER
fixed length control field 00295nam a2200097Ia 4500
082 ## - DEWEY DECIMAL CLASSIFICATION NUMBER
Classification number 968.4045 RATT
008 - FIXED-LENGTH DATA ELEMENTS--GENERAL INFORMATION
fixed length control field 210817s9999 xx 000 0 und d
100 ## - MAIN ENTRY--PERSONAL NAME
Personal name RATTRAY, David Barnsley, 2003
9 (RLIN) 94984
245 #0 - TITLE STATEMENT
Title David Rattray's guidebook to the Anglo-Zulu War battlefields
942 ## - ADDED ENTRY ELEMENTS
item type Books
Holdings
Withdrawn status Lost status Damaged status Not for loan Home library Current library Date acquired Cost, normal purchase price Total Checkouts Barcode Date last seen Price effective from item type
        DAGGAKRAAL PUBLIC LIBRARY DAGGAKRAAL PUBLIC LIBRARY 20.08.2021 219.00   33228019086790 20.08.2021 20.08.2021 Books